000 00419nam a2200181Ia 4500
001 12735
005 20260306163003.0
008 260306t1983||||xx |||||||||||||| ||spa||
041 _aESP
082 _aRD 103
_bB85
100 _aBrugger, Walter
_eAUT
245 0 _aDiccionario de filosofía
260 _c1983
300 _a734 páginas :
_c21 cm.
650 _aGEN
654 _aCHU
942 _cDIC
_dJUS
_fJUS
_2ddc
_n
999 _c12735
_d12735